Biblioteca

Women and the cross, at Jesus' burial and after resurrection (Registro nro. 55482)

Detalles MARC
000 -LÍDER
Campo fijo de descripción fija 01849aab a2200253 i 4500
001 - NÚMERO DE CONTROL
Campo de control 768714001
003 - IDENTIFICADOR DEL NÚMERO DE CONTROL
Campo de control CO-MdFUSB
005 - FECHA Y HORA DE LA ULTIMA TRANSACCIÓN
control field 20240708103903.0
008 - ELEMENTOS DE LONGITUD FIJA -- INFORMACIÓN GENERAL
Campo fijo de descripción fija -- Información general 240708t1997 sz ||||| |||| 00| 0 eng d
040 ## - FUENTE DE CATALOGACIÓN
Idioma de catalogación spa
Agencia que realiza la transcripción CO-MdFUSB
041 ## - CÓDIGO DE IDIOMA
Código de idioma para texto/pista de sonido o título separado eng
100 1# - ASIENTO PRINCIPAL--NOMBRE PERSONAL
Nombre personal Opocënská, Jana
Término relacionador autor
245 10 - TÍTULO
Título Women and the cross, at Jesus' burial and after resurrection
Mención de responsabilidad / Jana Opocënská
520 ## - NOTA DE RESUMEN, ETC.
Nota de sumario, etc. Androcentrismo o machismo de la tradición bíblica. Los hombres estaban en el centro, las mujeres y los niños quedaban al margen. El pensamiento y las expresiones utilizadas se moldearon desde la perspectiva de los hombres. El uso androcéntrico del lingústico era común en la antigüedad, y los autores bíblicos compartían esta costumbre.<br/>¿Qué significa concretamente para nuestro pensamiento actual? Algo que siempre se ha intuido es que muchos pasajes del Evangelio hay que estudiarlos y leerlos con la idea de que donde se dice algo en términos generales se incluye a las mujeres.<br/>Dondequiera que se dice "los pobres, los ciegos, los cojos", etc., se refiere tanto a hombres como a mujeres. Por ejemplo, el texto de Mt 11,1-5 describe exhaustivamente la situación del movimiento de Jesús más antiguo de Palestina. No hay distinción entre hombres y mujeres, no se distingue el grupo de los enfermos del grupo de los pobres. El anuncio del evangelio de los pobres y el de la curación de los enfermos van juntos.<br/>
546 ## - NOTA DE IDIOMA
Nota de idioma Texto en inglés.
650 #7 - ASIENTO SECUNDARIO DE MATERIA - TERMINO TEMÁTICO
Término temático o nombre geográfico como elemento de entrada Hermenéutica bíblica
9 (RLIN) 7333
650 #7 - ASIENTO SECUNDARIO DE MATERIA - TERMINO TEMÁTICO
Término temático o nombre geográfico como elemento de entrada Antropología bíblica
9 (RLIN) 6715
650 #0 - ASIENTO SECUNDARIO DE MATERIA - TERMINO TEMÁTICO
Término temático o nombre geográfico como elemento de entrada Biblia
9 (RLIN) 16
650 #7 - ASIENTO SECUNDARIO DE MATERIA - TERMINO TEMÁTICO
Término temático o nombre geográfico como elemento de entrada Mujeres
Término temático que sigue al nombre geográfico como elemento de entrada en la literatura rabinica
9 (RLIN) 332
650 #7 - ASIENTO SECUNDARIO DE MATERIA - TERMINO TEMÁTICO
Término temático o nombre geográfico como elemento de entrada Cristología
9 (RLIN) 239
773 0# - ASIENTO DE ITEM FUENTE
Título Reformed World
Biblionumber 49396
Itemnumber 59532
Parte(s) relacionada(s) / Volumen., número. (mes año), páginas Volumen 47, (número 1, 1997) páginas: 40 - 48
Enumeración y primera página página: 40
942 ## - TIPO DE MATERIAL (KOHA)
Tipo de Item KOHA Artículos de Revista
945 ## - INFORMACIÓN LOCAL DEL REGISTRO
Catalogador Catherine Arias Álvarez - Practicante SENA

No hay ítems disponibles.

Biblioteca FUSBC | Teléfono: (57+4) 349 88 10 Ext. 141| WhatsApp (+57) 3005338115 
E-mail: biblioteca@unisbc.edu.co | Calle 76 87-14 Robledo Palenque, Medellín, Colombia

Con tecnología Koha